000 00592nam a22002052 4500
001 0000002632
005 20151217151900.0
008 070417s xx 000 0 eng d
020 _a0674843754 :
_cKES 300
040 _aKABU
_cKABU
050 0 _aPE1585
_b.E47
100 1 _aEmpson, William.
_@0000152075
245 1 4 _aThe Structure of complex words.
260 _aCambridge Mass :
_bHarvard Univ. Press,
_c1989.
300 _axiii, 450 p.
650 0 _aEnglish language
_xSematics.
_@0000152076
908 _a070417
950 _@1
999 _c5950
_d5950